| 000 | 00684nam a2200229 4500 | ||
|---|---|---|---|
| 003 | OSt | ||
| 005 | 20260530113907.0 | ||
| 008 | 260507b1988 |||aeo|| |||| 001 0 fre d | ||
| 020 | _a2866530586 | ||
| 040 |
_aICI _bspa _cICI |
||
| 050 |
_aNA4170 _bC456 |
||
| 100 | 1 |
_aLissarrague, Jacques _932954 |
|
| 245 | 1 | 0 |
_aLa Cite des sciences et de L'industrie: _b Paris - la Villete |
| 264 | 1 |
_bElecta Moniteur _c1988 _aFrancia |
|
| 300 | _a167 páginas | ||
| 336 |
_atexto _2rdacontent |
||
| 337 |
_asin medio _2rdamedia |
||
| 338 |
_avolumen _2rdacarrier |
||
| 650 |
_aMuseos de ciencia _zFrancia _zParís _932955 |
||
| 650 |
_aDivulgación científica _zFrancia _932956 |
||
| 942 |
_2lcc _cBK _n1 |
||
| 999 |
_c12003 _d12003 |
||